<?xml version="1.0" encoding="UTF-8"?>
<record
    xmlns:xsi="http://www.w3.org/2001/XMLSchema-instance"
    xsi:schemaLocation="http://www.loc.gov/MARC21/slim http://www.loc.gov/standards/marcxml/schema/MARC21slim.xsd"
    xmlns="http://www.loc.gov/MARC21/slim">

  <leader>00554 aa a2200193 a 4500</leader>
  <controlfield tag="003">OSt</controlfield>
  <controlfield tag="005">20240226131423.0</controlfield>
  <controlfield tag="008">180213t        pk ||||g |||| 00| 1 urd d</controlfield>
  <datafield tag="040" ind1=" " ind2=" ">
    <subfield code="c">0</subfield>
  </datafield>
  <datafield tag="082" ind1=" " ind2=" ">
    <subfield code="a">891.4393</subfield>
    <subfield code="b">HAJ</subfield>
  </datafield>
  <datafield tag="100" ind1="0" ind2=" ">
    <subfield code="a">&#x62D;&#x62C;&#x627;&#x632;&#x6CC;&#x60C;&#x646;&#x633;&#x64A;&#x645;</subfield>
    <subfield code="9">47098</subfield>
  </datafield>
  <datafield tag="245" ind1=" " ind2=" ">
    <subfield code="a">&#x627;&#x646;&#x62F;&#x6BE;&#x6CC;&#x631;&#x6CC; &#x631;&#x627;&#x62A; &#x6A9;&#x6D2; &#x645;&#x64F;&#x633;&#x627;&#x641;&#x631;</subfield>
    <subfield code="c">Naseem Hajazi</subfield>
  </datafield>
  <datafield tag="246" ind1=" " ind2=" ">
    <subfield code="a">Andheri raat ka musafer</subfield>
  </datafield>
  <datafield tag="260" ind1=" " ind2=" ">
    <subfield code="a">&#x644;&#x627;&#x6C1;&#x648;&#x631;</subfield>
    <subfield code="b">&#x62C;&#x6C1;&#x627;&#x646;&#x6AF;&#x6CC;&#x631;&#x628;&#x6A9; &#x688;&#x67E;&#x648;</subfield>
    <subfield code="c">[n.d]</subfield>
  </datafield>
  <datafield tag="300" ind1=" " ind2=" ">
    <subfield code="a">496 p.</subfield>
  </datafield>
  <datafield tag="650" ind1=" " ind2=" ">
    <subfield code="a">Urdu literature</subfield>
    <subfield code="9">9606</subfield>
  </datafield>
  <datafield tag="650" ind1=" " ind2=" ">
    <subfield code="a">Noval</subfield>
    <subfield code="9">107828</subfield>
  </datafield>
  <datafield tag="942" ind1=" " ind2=" ">
    <subfield code="2">ddc</subfield>
    <subfield code="c">BK</subfield>
    <subfield code="a">SADA</subfield>
    <subfield code="k">891.4393 HAJ</subfield>
  </datafield>
  <datafield tag="999" ind1=" " ind2=" ">
    <subfield code="c">608201</subfield>
    <subfield code="d">608201</subfield>
  </datafield>
  <datafield tag="952" ind1=" " ind2=" ">
    <subfield code="0">0</subfield>
    <subfield code="1">0</subfield>
    <subfield code="2">ddc</subfield>
    <subfield code="4">0</subfield>
    <subfield code="7">0</subfield>
    <subfield code="a">SADA</subfield>
    <subfield code="b">SADA</subfield>
    <subfield code="d">2018-02-09</subfield>
    <subfield code="e">Donation</subfield>
    <subfield code="l">0</subfield>
    <subfield code="o">891.4393 HAJ</subfield>
    <subfield code="p">SADAD0000299</subfield>
    <subfield code="r">2024-02-26</subfield>
    <subfield code="v">367.50</subfield>
    <subfield code="w">2024-02-26</subfield>
    <subfield code="y">BK</subfield>
  </datafield>
</record>
